000 00542cam a2200181 4500500
005 20260405002005.0
041 _afre
042 _adc
100 1 0 _aEnjalbert, Cédric
_eauthor
245 0 0 _aMichel Fau. Faune chantant
260 _c2015.
500 _a72
690 _aAnnie Le Brun
690 _aMichel Fau
690 _aMontherlant
786 0 _nPhilosophie magazine | 89 | 5 | 2015-05-01 | p. 87-87 | 1951-1787
856 4 1 _uhttps://shs.cairn.info/magazine-philosophie-magazine-2015-5-page-87?lang=fr&redirect-ssocas=7080
999 _c2053056
_d2053056